Sight, Sound, Smell, Taste, or Touch - A Five Senses Click Quiz - Statistics

General Stats
  • This quiz has been taken 42 times
  • The average score is 15 of 30
Answer Stats
Hint Answer % Correct
Psoriasis Skin Disease
91%
Eczema Skin Disease
88%
Cellulitis Skin Disease
84%
Salted Caramel Oreo Flavor
81%
Blister Skin Disease
81%
Mississippi Mud Pie Oreo Flavor
78%
Tickle Me Pink Crayola Color
75%
Vanilla 28 Perfume Scent
69%
Bluetiful Crayola Color
66%
Birthday Cake Oreo Flavor
66%
Black Opium Perfume Scent
63%
Rosacea Skin Disease
63%
Red Velvet Oreo Flavor
56%
Peppermint Bark Oreo Flavor
53%
Macaroni and Cheese Crayola Color
47%
Dollop iPhone Ringtone
44%
Carbuncle Skin Disease
44%
Tease iPhone Ringtone
41%
Crème Vanille Perfume Scent
41%
Chalet iPhone Ringtone
38%
Mercury iPhone Ringtone
38%
Swedish Fish Oreo Flavor
38%
Wisteria Crayola Color
34%
Timberwolf Crayola Color
25%
Milky Way iPhone Ringtone
25%
Sprinkles iPhone Ringtone
25%
Bright Crystal Perfume Scent
25%
Missing Person Perfume Scent
19%
Salt Perfume Scent
19%
Bittersweet Crayola Color
6%
No matching quizzes found
Score Distribution
Percent of People with Each Score
Percentile by Number Answered
Your Score History
You have not taken this quiz